• 首页
  • 本馆介绍
  • 公告通知
  • 最新文献
  • 馆藏检索
  • 电子资源
  • 读者导购
  • 参考咨询
  • 我的图书馆
  • 登录
  • 详细信息显示
  • 放入我的书架
  • 预约/预借图书
  • 作者相关作品
  • 分类相关作品
  • 丛书相关作品
  • 出版社相关作品

书目信息

  • 表格格式
  • 工作单格式
  • 卡片格式
题名:
从英伦三岛到枫叶之国
    
 
作者: 汪大钧 , 汪大钧 著
分册:  
出版信息: 长春   吉林人民出版社  2005
页数: 339页
开本: 21cm
丛书名: 文化外交官手记丛书
单 册:
中图分类: I267.4
科图分类:
主题词: 游记--中国--现代--选集 , 游记
电子资源:
ISBN: 7-206-03411-X
000 00978oam2 2200301 45
001 012006061401
005 20070106102219.62
010    @a7-206-03411-X@dCNY26.00
092    @aCN@b475071
100    @a20060614d2005 em y0chiy0121 ea
101 0  @achi
102    @aCN@b220000
105    @aa z 000cy
200 1  @a从英伦三岛到枫叶之国@9cong ying lun san dao dao feng ye zhi guo@f汪大钧著@Fwang da jun zhu
205    @a2版
210    @a长春@c吉林人民出版社@d2005
215    @a339页@c照片@d21cm
225 2  @a文化外交官手记丛书
330    @a本书主要内容:难得的一课、与佳佳告别、访问爱丁宝、加拿大的枫树、加拿大土著人及其文化等。
461  0 @12001 @a文化外交官手记丛书
510 1  @aFrom the Three Islands of UK to the Land of Maples@zeng
606 0  @a游记@y中国@z现代@j选集
606 0  @a游记
690    @aI267.4@v4
701  0 @a汪大钧@9wang da jun@4著
701  0 @a汪大钧@Awang da jun@4著
801  0 @aCN@bLZJBOOK@c20070106
905    @a10447@dI267.4@e1139=2
    
    从英伦三岛到枫叶之国/汪大钧著.-2版.-长春:吉林人民出版社,2005
    339页:照片;21cm.-(文化外交官手记丛书)
    
    
    ISBN 7-206-03411-X:CNY26.00
    本书主要内容:难得的一课、与佳佳告别、访问爱丁宝、加拿大的枫树、加拿大土著人及其文化等。
●
相关链接 在E读中查询图书 在五车中查询图书 在当当中查询图书 在豆瓣中查询图书


正题名:从英伦三岛到枫叶之国     索取号:I267.4/1139=2         预约/预借

序号 登录号 条形码 馆藏地/架位号 状态 备注
1 0561496   205614968   第一样本阅览室/ [索取号:I267.4/1139=2] 在馆    
2 0561497   205614977   第二借阅区/ [索取号:I267.4/1139=2] 在馆    
3 0561498   205614986   第二借阅区/ [索取号:I267.4/1139=2] 在馆    
4 0561499   205614995   第二借阅区/ [索取号:I267.4/1139=2] 在馆    
5 0561500   205615002   第二借阅区/ [索取号:I267.4/1139=2] 在馆    
6 0561501   205615011   第二借阅区/ [索取号:I267.4/1139=2] 在馆    
7 0561502   205615020   第二借阅区/ [索取号:I267.4/1139=2] 在馆    
8 0561503   205615039   第二借阅区/ [索取号:I267.4/1139=2] 在馆    
唐山师范学院图书馆 欢迎您!
大连网信软件有限公司© 版权所有